| 000 | 03300cam a22012494i 4500 | ||
|---|---|---|---|
| 003 | PE-LiUPU | ||
| 005 | 20250813185315.0 | ||
| 008 | 141015s2014 ck r 000 0spa dd | ||
| 020 | _a9789588815282 | ||
| 035 | _a(Sirsi) i9789588815282 | ||
| 040 |
_aPE-LiUPU _bspa _cPE-LiUPU _erda |
||
| 049 | _aPRUA | ||
| 082 | 0 | 4 |
_a338.5 _bI77 |
| 100 | 1 |
_aIsaza Cuervo, Felipe, _eautor. |
|
| 245 | 1 | 0 |
_aFinanzas : _b-modelación y estrategias- / _cFelipe Isaza Cuervo [y otros catorce] ; editor Leonardo David López Escobar. |
| 264 | 1 |
_aMedellín : _bSello editorial Universidad de Medellín, _c2014. |
|
| 300 |
_a156 páginas ; _c24 centímetros |
||
| 336 |
_atext _2rdacontent |
||
| 337 |
_aunmediated _2rdamedia |
||
| 338 |
_avolume _2rdacarrier |
||
| 504 | _aBibliografía al final de cada capítulo. | ||
| 505 | 0 | _aConstrucción de un portafolio para un ETF del sector minero energético en latinoaméricaaaa mediante modelos de volatilidad condicional heteroscedástica -- Modelo para la cuantificación del riesgo de líquidez para una entidad del sector financiero. | |
| 526 | _aP202 | ||
| 526 | _aP201 | ||
| 526 | _aP163 | ||
| 526 | _aP162 | ||
| 526 | _aP161 | ||
| 526 | _aP160 | ||
| 526 | _aP148 | ||
| 526 | _aP147 | ||
| 526 | _aP146 | ||
| 526 | _aP145 | ||
| 526 | _aP144 | ||
| 526 | _aP143 | ||
| 526 | _aP142 | ||
| 526 | _aP141 | ||
| 526 | _aP140 | ||
| 526 | _aP139 | ||
| 526 | _aP138 | ||
| 526 | _aP137 | ||
| 526 | _aP136 | ||
| 526 | _aP135 | ||
| 526 | _aP134 | ||
| 526 | _aP133 | ||
| 526 | _aP129 | ||
| 526 | _aP128 | ||
| 526 | _aP127 | ||
| 526 | _aP120 | ||
| 526 | _aP119 | ||
| 526 | _aP118 | ||
| 526 | _aP116 | ||
| 526 | _aP115 | ||
| 526 | _aP114 | ||
| 526 | _aP110 | ||
| 526 | _aP109 | ||
| 526 | _aP108 | ||
| 526 | _aP104 | ||
| 526 | _aP103 | ||
| 526 | _aP102 | ||
| 526 | _aP99 | ||
| 526 | _aP98 | ||
| 526 | _aP97 | ||
| 526 | _aP96 | ||
| 526 | _aP95 | ||
| 526 | _aP93 | ||
| 526 | _aP90 | ||
| 526 | _aP89 | ||
| 526 | _aP88 | ||
| 526 | _aP83 | ||
| 526 | _aP82 | ||
| 526 | _aP62 | ||
| 526 | _aP59 | ||
| 526 | _aP58 | ||
| 526 | _aP57 | ||
| 526 | _aP51 | ||
| 526 | _aP49 | ||
| 526 | _aP48 | ||
| 526 | _aP47 | ||
| 526 | _aP29 | ||
| 526 | _aP24 | ||
| 526 | _aP20 | ||
| 526 | _aP19 | ||
| 526 | _aP17 | ||
| 526 | _aP15 | ||
| 526 | _aP14 | ||
| 526 | _aP12 | ||
| 526 | _aP10 | ||
| 526 | _aP09 | ||
| 526 | _aP08 | ||
| 526 | _aP07 | ||
| 526 | _aP06 | ||
| 526 | _aP05 | ||
| 526 | _aP04 | ||
| 526 | _aP01 | ||
| 650 | 1 | 4 | _aEconometría financiera. |
| 650 | 1 | 4 |
_aFinanzas _xMétodos de simulación. |
| 650 | 1 | 4 | _aLiquidez (economía). |
| 650 | 1 | 4 | _aMétodo de Montecarlo. |
| 700 | 1 |
_aLópez Escobar, Leonardo David, _eeditor. |
|
| 910 | _ajck | ||
| 942 |
_2ddc _cBOOK |
||
| 949 |
_a338.5 I77 _wDEWEY _c1 _i70620 _d2016-11-7 _e2016-11-3 _lCCODEBUL1 _mBUL _n1 _p19.00 _r0 _sY _tBOOK _u2015-7-6 _xFCE _PP04 _0COMPRA _o.STAFF. Colección General |
||
| 994 |
_aC0 _bPEPRU |
||
| 596 | _a1 | ||
| 999 |
_a338.5 I77 _wDEWEY _c6448 _i70620 _d6448 _e2016-11-3 _f2021-11-5 _g6 _lCCODEBUL1 _mBUL _n1 _p19.00 _q1 _r0 _sY _tBOOK _u2015-7-6 _xFCE _PP04 _0COMPRA _o.STAFF. Colección General |
||
| 980 |
_81 _gALBERTO SANCHEZ Responsable de Automatización |
||